Géographie de Paris par lettre -Q - Statistiques

Statistiques générales
  • Ce quiz a été pris 20 fois
  • Le résultat moyen est 4 sur 11
Statistiques - réponses
Question Réponse % Correct
Le célèbre sonneur de cloches de Notre-Dame (Victor Hugo) Quasimodo
95%
Marché couvert historique du 10e arrondissement (Saint-...) Quentin
58%
Musée des arts et civilisations d'Afrique, d'Asie, d'Océanie et des Amériques Quai Branly
47%
Synonyme du Ministère des Affaires Étrangères (situé sur ce quai) Quai d'Orsay
47%
Station de la ligne 5 connue pour son viaduc au-dessus de la Seine Quai de la Rapée
42%
Station de la ligne 6 située près de la Bibliothèque François-Mitterrand Quai de la Gare
32%
Station de la ligne 3 nommée d'après la proclamation de la IIIe République Quatre-Septembre
32%
Rue du 4e célèbre pour son rôle dans le système financier de Law Quincampoix
16%
Quai du 15e arrondissement faisant face à l'Île aux Cygnes Quai de Grenelle
5%
Quai bordant le Canal Saint-Martin, très prisé pour l'apéro Quai de Valmy
5%
Quai du 4e arrondissement situé sur l'Île Saint-Louis Quai d'Anjou
0%
Aucun quiz correspondant
Distribution des résultats
% des personnes avec chaque résultat
Percentile par nombre de réponses
Votre historique - résultats
Vous n’avez pas pris ce quiz